00383pab a2200145 454500008004000000100001700040245005900057260000900116300001200125362002200137650003100159650001400190700001600204773001700220180718b2007 xxu||||| |||| 00| 0 eng d aPratheep, C. aFiscal self reliance of the Grama Panchayats in Kerala c2007 ap.1-16. aJan-Mar & Apr-Jun aPanchayat - India - Kerala aPanchayat aMohanan, B. aISDA Journal